<?xml version="1.0" encoding="UTF-8"?><?xml-stylesheet type="text/xsl" href="static/style.xsl"?><OAI-PMH xmlns="http://www.openarchives.org/OAI/2.0/" xmlns:xsi="http://www.w3.org/2001/XMLSchema-instance" xsi:schemaLocation="http://www.openarchives.org/OAI/2.0/ http://www.openarchives.org/OAI/2.0/OAI-PMH.xsd"><responseDate>2026-04-17T05:38:52Z</responseDate><request verb="GetRecord" identifier="oai:www.recercat.cat:10459.1/44650" metadataPrefix="marc">https://recercat.cat/oai/request</request><GetRecord><record><header><identifier>oai:recercat.cat:10459.1/44650</identifier><datestamp>2024-12-05T22:14:36Z</datestamp><setSpec>com_2072_3622</setSpec><setSpec>col_2072_479130</setSpec></header><metadata><record xmlns="http://www.loc.gov/MARC21/slim" xmlns:dcterms="http://purl.org/dc/terms/" xmlns:xsi="http://www.w3.org/2001/XMLSchema-instance" xmlns:doc="http://www.lyncode.com/xoai" xsi:schemaLocation="http://www.loc.gov/MARC21/slim http://www.loc.gov/standards/marcxml/schema/MARC21slim.xsd">
   <leader>00925njm 22002777a 4500</leader>
   <datafield ind2=" " ind1=" " tag="042">
      <subfield code="a">dc</subfield>
   </datafield>
   <datafield ind2=" " ind1=" " tag="720">
      <subfield code="a">Aunós Gómez, Álvaro</subfield>
      <subfield code="e">author</subfield>
   </datafield>
   <datafield ind2=" " ind1=" " tag="720">
      <subfield code="a">Riba Chacón, Antoni</subfield>
      <subfield code="e">author</subfield>
   </datafield>
   <datafield ind2=" " ind1=" " tag="720">
      <subfield code="a">Blanco Ortiz, Ricardo</subfield>
      <subfield code="e">author</subfield>
   </datafield>
   <datafield ind2=" " ind1=" " tag="260">
      <subfield code="c">2012-02-08T10:52:32Z</subfield>
   </datafield>
   <datafield ind2=" " ind1=" " tag="260">
      <subfield code="c">2012-02-08T10:52:32Z</subfield>
   </datafield>
   <datafield ind2=" " ind1=" " tag="260">
      <subfield code="c">2009</subfield>
   </datafield>
   <datafield ind2=" " ind1=" " tag="520">
      <subfield code="a">En el presente trabajo se ha abordado, a partir de la información suministrada por el Segundo Inventario Forestal Nacional, la caracterización de las masas monoespecíficas de pino laricio en Cataluña (NE de España), formalizándola en una tipología de enfoque silvogenético. Basándose en los resultados obtenidos del análisis factorial realizado sobre variables dasométricas, los categoremas de la tipología se articularon sobre aspectos concernientes a la distribución diamétrica y espesura del rodal, identificándose nueve tipos. El carácter irregularizado, presente en cinco de ellos aunque con rasgos diferentes, se examinó a través de la distribución de Weibull truncada. La tipología, que se maneja computando tan sólo el nivel de regenerado y los diámetros de los pies inventariables, contempla los distintos estadios evolutivos y permite diagnosticar situaciones comprometidas en cuanto a la persistencia de la masa, bien causadas por deficientes estados de espesura o por falta de regenerado.</subfield>
   </datafield>
   <datafield ind2=" " ind1=" " tag="520">
      <subfield code="a">This study presents a silvogenetic typology of single-species stands of Pinus nigra in Catalonia (NE of Spain) based on the information supplied by the Second National Forest Inventory. Results of factor analysis applied to dendrometric variables show nine different stand types, identified mainly from variables related to diameter distribution and stand stocking. The character of uneven-aged stands, present in five of the groups though with different features, was analyzed using a&#xd;
truncated Weibull distribution. The typology, which is managed by computing regeneration levels and diametric classes, encompasses different developmental stages and allows the diagnosis of compromised situations in terms of stand persistence caused by low or high stocking.</subfield>
   </datafield>
   <datafield ind1="8" ind2=" " tag="024">
      <subfield code="a">http://hdl.handle.net/10459.1/44650</subfield>
   </datafield>
   <datafield tag="653" ind2=" " ind1=" ">
      <subfield code="a">Pinus nigra salzmannii var. pyrenaica</subfield>
   </datafield>
   <datafield tag="653" ind2=" " ind1=" ">
      <subfield code="a">Tipología</subfield>
   </datafield>
   <datafield tag="653" ind2=" " ind1=" ">
      <subfield code="a">Análisis factorial</subfield>
   </datafield>
   <datafield tag="653" ind2=" " ind1=" ">
      <subfield code="a">Distribución diamétrica</subfield>
   </datafield>
   <datafield tag="653" ind2=" " ind1=" ">
      <subfield code="a">Pins -- Catalunya</subfield>
   </datafield>
   <datafield tag="653" ind2=" " ind1=" ">
      <subfield code="a">Boscos i silvicultura -- Catalunya</subfield>
   </datafield>
   <datafield ind2="0" ind1="0" tag="245">
      <subfield code="a">Caracterización selvícola de las masas monoespecíficas de pino laricio en Cataluña</subfield>
   </datafield>
   <datafield ind2="0" ind1="0" tag="245">
      <subfield code="a">Silvicultural characterization of single-species stands of black pine in Catalonia (Spain)</subfield>
   </datafield>
</record></metadata></record></GetRecord></OAI-PMH>